000 00735cab a2200241 4500
001 ABS48579
008 090401t1993 xxu||||| |||| 00| 0 eng d
035 _a(Sirsi) u67433
041 _aeng
100 _aWinter, M.
245 _aBusiness centres : after the fall
260 _c1993
350 _a0
490 _aEstates Gazette
_v(9321) 29 May 1993, 87-88(2)
520 _aThe business centre market has been dealt a blow with the Ouvah Highfields collapse. This article considers how the market can recover.
650 _aBUSINESS CENTRES
650 _aOUVAH HIGHFIELDS
650 _aRENT-FREE PERIODS
650 _aSERVICED OFFICES
690 _aCOMMERCIAL PROPERTY-MANAGEMENT
942 _n0
948 _c04/03/1997
999 _c42197
_d42197